[Event "Daventry 4NCL U1700"]
[Site "Daventry"]
[Date "2025.04.20"]
[Round "4.8"]
[White "Badley, Christopher"]
[Black "Sloan, Cecil"]
[Result "1/2-1/2"]
[WhiteElo "1483"]
[BlackElo "1583"]
[PlyCount "67"]
[EventDate "2025.04.18"]
[EventType "swiss"]
[EventRounds "7"]
[EventCountry "ENG"]
[SourceTitle "BritBase"]
[Source "John Saunders"]
[SourceDate "2025.09.18"]
[SourceVersion "1"]
[SourceVersionDate "2025.09.18"]
[SourceQuality "1"]

1. e4 c5 2. Nf3 Nc6 3. d4 cxd4 4. Nxd4 e5 5. Nb5 d6 6. c4 Nf6 7. N1c3 a6 8. Na3 g6 9. Be2 Bg7 10. Be3 Be6 11. Qd2 Qc7 12. O-O O-O 13. Rad1 Rad8 14. f4 Ng4 15. Bxg4 Bxg4 16. Rde1 exf4 17. Rxf4 Be6 18. Nd5 Bxd5 19. cxd5 Ne5 20. Rc1 Qd7 21. h3 Bh6 22. Rff1 Bxe3+ 23. Qxe3 Rc8 24. b3 Rxc1 25. Rxc1 Rc8 26. Nc4 Qe7 27. Nxe5 Rxc1+ 28. Qxc1 Qxe5 29. Qc8+ Kg7 30. Qxb7 Qxe4 31. Qc6 Qe1+ 32. Kh2 Qe5+ 33. Kh1 Qe1+ 34. Kh2 1/2-1/2

[Event "Daventry 4NCL U1700"]
[Site "Daventry"]
[Date "2025.04.20"]
[Round "4.9"]
[White "Gunarathne, Miheli"]
[Black "Ben-Eshak, Djad"]
[Result "0-1"]
[WhiteElo "1563"]
[BlackElo "1468"]
[PlyCount "56"]
[EventDate "2025.04.18"]
[EventType "swiss"]
[EventRounds "7"]
[EventCountry "ENG"]
[SourceTitle "BritBase"]
[Source "John Saunders"]
[SourceDate "2025.09.18"]
[SourceVersion "1"]
[SourceVersionDate "2025.09.18"]
[SourceQuality "1"]

1. e4 c5 2. Nf3 d6 3. d4 cxd4 4. Nxd4 Nf6 5. Nc3 a6 6. h3 h6 7. Be3 e5 8. Nf3 Be6 9. Be2 Be7 10. O-O O-O 11. Qd2 Kh7 12. Rad1 Nc6 13. Rfe1 Qc7 14. a3 Rfd8 15. Bd3 Kg8 16. Na4 Nd7 17. Nc3 Nb6 18. Be2 Nd7 19. Bd3 Nf6 20. Na4 Nd7 21. Kh1 d5 22. exd5 Bxd5 23. Bxh6 e4 24. Nc3 Nc5 25. Bf4 Qc8 26. Ne5 exd3 27. Nxc6 Qxh3+ 28. Bh2 Qxg2# 0-1

[Event "Daventry 4NCL U1700"]
[Site "Daventry"]
[Date "2025.04.20"]
[Round "4.10"]
[White "Collins, Nigel"]
[Black "Homer, Neil S"]
[Result "0-1"]
[WhiteElo "1566"]
[BlackElo "1683"]
[PlyCount "126"]
[EventDate "2025.04.18"]
[EventType "swiss"]
[EventRounds "7"]
[EventCountry "ENG"]
[SourceTitle "BritBase"]
[Source "John Saunders"]
[SourceDate "2025.09.18"]
[SourceVersion "1"]
[SourceVersionDate "2025.09.18"]
[SourceQuality "1"]

1. c4 e6 2. e4 d5 3. cxd5 exd5 4. exd5 Nf6 5. Bb5+ Nbd7 6. Nc3 a6 7. Be2 Nb6 8. Nf3 Nbxd5 9. d4 Be7 10. O-O O-O 11. a3 h6 12. h3 Bf5 13. Bd3 Bxd3 14. Qxd3 c6 15. Bd2 Bd6 16. Rfe1 Qc7 17. Re2 Rad8 18. Rae1 Qb8 19. Qc2 Rfe8 20. Rxe8+ Rxe8 21. Rxe8+ Qxe8 22. Qd1 Kf8 23. Kf1 Ne4 24. Nxd5 cxd5 25. Qe2 Qc6 26. Be3 b5 27. Ne1 a5 28. Nc2 Bc7 29. Qd3 Qc4 30. Qxc4 bxc4 31. Ke2 Ke7 32. f3 Nf6 33. Bf2 Ke6 34. Be1 Nd7 35. Ne3 Nb8 36. Kd1 Nc6 37. Bc3 Bb6 38. Nc2 Kf5 39. Ke2 h5 40. Ne3+ Ke6 41. Nc2 Kd7 42. f4 f5 43. Kf3 Ke6 44. g4 fxg4+ 45. hxg4 hxg4+ 46. Kxg4 Kf6 47. Ne3 Ne7 48. Kf3 Ke6 49. Kg4 g6 50. Kf3 Nf5 51. Nc2 Kf7 52. Ke2 Kg7 53. Kf3 Kh7 54. Kg4 Kh6 55. b4 Kg7 56. Kg5 Kf7 57. Kg4 Kf6 58. Kf3 Kg7 59. Kg4 Kh6 60. Kf3 Kh5 61. Ne3 Nxe3 62. Kxe3 Kg4 63. Be1 Bc7 0-1

[Event "Daventry 4NCL U1700"]
[Site "Daventry"]
[Date "2025.04.20"]
[Round "4.11"]
[White "Webster, Vivien"]
[Black "Seymour, Paul"]
[Result "0-1"]
[WhiteElo "1664"]
[BlackElo "1619"]
[PlyCount "56"]
[EventDate "2025.04.18"]
[EventType "swiss"]
[EventRounds "7"]
[EventCountry "ENG"]
[SourceTitle "BritBase"]
[Source "John Saunders"]
[SourceDate "2025.09.18"]
[SourceVersion "1"]
[SourceVersionDate "2025.09.18"]
[SourceQuality "1"]

1. e4 d5 2. e5 Bf5 3. d3 e6 4. Nf3 h6 5. Bd2 Nd7 6. Nc3 c5 7. h3 Ne7 8. g4 Bh7 9. Bg2 Nc6 10. Bf4 g5 11. Bg3 Bg7 12. Qe2 Bg6 13. O-O-O a6 14. Rde1 b5 15. h4 Nd4 16. Nxd4 cxd4 17. Nb1 Rc8 18. Bxd5 Nc5 19. Be4 Nxe4 20. dxe4 Qc7 21. Qd3 Qc4 22. Qxc4 Rxc4 23. Nd2 Rc5 24. hxg5 hxg5 25. Rxh8+ Bxh8 26. Rh1 Bg7 27. Nf3 Bxe4 28. Rh5 Bxf3 0-1

[Event "Daventry 4NCL U1700"]
[Site "Daventry"]
[Date "2025.04.20"]
[Round "4.12"]
[White "Ajimal, Jet"]
[Black "Williams, Leslie"]
[Result "0-1"]
[WhiteElo "1629"]
[BlackElo "1517"]
[PlyCount "76"]
[EventDate "2025.04.18"]
[EventType "swiss"]
[EventRounds "7"]
[EventCountry "ENG"]
[SourceTitle "BritBase"]
[Source "John Saunders"]
[SourceDate "2025.09.18"]
[SourceVersion "1"]
[SourceVersionDate "2025.09.18"]
[SourceQuality "1"]

1. e4 c5 2. Nf3 Nc6 3. Bb5 a6 4. Bxc6 bxc6 5. O-O d5 6. exd5 cxd5 7. d4 cxd4 8. Qxd4 Nf6 9. Nc3 Bf5 10. Qa4+ Qd7 11. Qxd7+ Bxd7 12. Bf4 g6 13. Rad1 e6 14. Rfe1 Bg7 15. Bd6 h5 16. b3 h4 17. h3 O-O-O 18. Rd4 Ne4 19. Nxe4 Bxd4 20. Neg5 Bc3 21. Rd1 Be8 22. Be5 Bxe5 23. Nxe5 f6 24. Nxe6 Rd6 25. Nc4 Rxe6 26. Rxd5 Bb5 27. Nd6+ Kc7 28. Nxb5+ axb5 29. Rxb5 Kc6 30. Rb4 Re1+ 31. Kh2 Re2 32. Rc4+ Kb6 33. Rb4+ Ka5 34. Ra4+ Kb5 35. Rc4 Rxf2 36. a4+ Ka5 37. Kg1 Rd2 38. Kf1 g5 0-1

[Event "Daventry 4NCL U1700"]
[Site "Daventry"]
[Date "2025.04.20"]
[Round "4.13"]
[White "Robinson, John K"]
[Black "Dargue, Peter W"]
[Result "1/2-1/2"]
[WhiteElo "1627"]
[BlackElo "1355"]
[PlyCount "72"]
[EventDate "2025.04.18"]
[EventType "swiss"]
[EventRounds "7"]
[EventCountry "ENG"]
[SourceTitle "BritBase"]
[Source "John Saunders"]
[SourceDate "2025.09.18"]
[SourceVersion "1"]
[SourceVersionDate "2025.09.18"]
[SourceQuality "1"]

1. d4 Nf6 2. Nf3 d5 3. Bf4 e6 4. e3 c5 5. Bb5+ Bd7 6. Bxd7+ Qxd7 7. O-O Bd6 8. Ne5 Qc7 9. Nd2 cxd4 10. exd4 Nc6 11. Ndf3 Nd7 12. Re1 O-O 13. Bg3 Rfe8 14. c3 f6 15. Nxd7 Qxd7 16. Qd3 Bxg3 17. hxg3 a6 18. Rad1 Rad8 19. g4 e5 20. Qf5 Qxf5 21. gxf5 e4 22. Nh4 Kf7 23. g4 g5 24. Ng2 Rc8 25. Ne3 Red8 26. Kg2 Na5 27. Rh1 Kg7 28. Rde1 b5 29. Nd1 Re8 30. Re3 h6 31. Reh3 Rh8 32. Ne3 Rcd8 33. b3 Nc6 34. b4 Ne7 35. Kf1 Rc8 36. Nd1 Ra8 1/2-1/2

[Event "Daventry 4NCL U1700"]
[Site "Daventry"]
[Date "2025.04.20"]
[Round "4.14"]
[White "Butler, Rene"]
[Black "Morris, Nigel W"]
[Result "0-1"]
[WhiteElo "1499"]
[BlackElo "1560"]
[PlyCount "156"]
[EventDate "2025.04.18"]
[EventType "swiss"]
[EventRounds "7"]
[EventCountry "ENG"]
[SourceTitle "BritBase"]
[Source "John Saunders"]
[SourceDate "2025.09.18"]
[SourceVersion "1"]
[SourceVersionDate "2025.09.18"]
[SourceQuality "1"]

1. Nf3 g6 2. d4 Bg7 3. Bf4 d6 4. e3 Nf6 5. Nbd2 b6 6. Be2 Bb7 7. O-O Nbd7 8. c3 O-O 9. Re1 Nh5 10. Bg5 h6 11. Bh4 Ndf6 12. Qc2 Qe8 13. Bxf6 Nxf6 14. a4 e5 15. h3 e4 16. Nh2 Nh7 17. Nhf1 f5 18. a5 Nf6 19. axb6 cxb6 20. Qa4 Bc6 21. Qb4 Qd7 22. Nc4 Rfd8 23. Qb3 Kh7 24. Na3 g5 25. Bb5 g4 26. Bxc6 Qxc6 27. Qb5 Qd7 28. Qxd7 Rxd7 29. h4 h5 30. Nc4 Rc8 31. Na3 Nd5 32. Ng3 Kg6 33. Ra2 Bf6 34. Nb5 a5 35. Ne2 Bxh4 36. Nf4+ Nxf4 37. exf4 g3 38. f3 Re8 39. Na3 d5 40. Nb5 Bf6 41. Ra3 Bg7 42. Rb3 Bh6 43. Na3 Rb8 44. fxe4 fxe4 45. Rf1 Kf5 46. c4 dxc4 47. Rb5+ Kg6 48. f5+ Kf6 49. Nxc4 Rxd4 50. Nxa5 Be3+ 51. Kh1 Ra4 52. b4 Bd2 53. Nc6 Rb7 54. Nd8 Rxb4 55. Rxb4 Bxb4 56. Nxb7 e3 57. Rf4 e2 58. Re4 e1=Q+ 59. Rxe1 Bxe1 60. Nd6 Bb4 61. Ne4+ Kxf5 62. Nxg3+ Kg4 63. Ne2 Bc5 64. Nc3 Bd4 65. Ne2 Be3 66. Nc3 h4 67. Nd5 Bc5 68. Nxb6 Bxb6 69. Kh2 Bd8 70. Kg1 Kg3 71. Kh1 Kf2 72. Kh2 Kf1 73. g4 Kf2 74. Kh3 Kf3 75. g5 Bxg5 76. Kh2 Kf2 77. Kh3 Kg1 78. Kg4 Kg2 0-1

[Event "Daventry 4NCL U1700"]
[Site "Daventry"]
[Date "2025.04.20"]
[Round "4.15"]
[White "Bangalore Kumar, Rohith"]
[Black "Mantaev, Nikolai"]
[Result "0-1"]
[WhiteElo "1619"]
[BlackElo "1370"]
[PlyCount "86"]
[EventDate "2025.04.18"]
[EventType "swiss"]
[EventRounds "7"]
[EventCountry "ENG"]
[SourceTitle "BritBase"]
[Source "John Saunders"]
[SourceDate "2025.09.18"]
[SourceVersion "1"]
[SourceVersionDate "2025.09.18"]
[SourceQuality "1"]

1. e4 c5 2. Nf3 d6 3. d4 cxd4 4. Nxd4 Nf6 5. Nc3 a6 6. Bd3 Nbd7 7. O-O e6 8. Bg5 Be7 9. Re1 Qc7 10. Nf3 b5 11. a3 Bb7 12. Qe2 e5 13. Rad1 O-O 14. Nh4 g6 15. Qf3 Rfe8 16. Bh6 Bf8 17. Bxf8 Rxf8 18. g3 Ne8 19. Ng2 Ng7 20. Ne3 Nb6 21. Ncd5 Nxd5 22. Nxd5 Bxd5 23. exd5 Rac8 24. c3 Qe7 25. Qe3 Rc5 26. Be4 Rfc8 27. Bg2 Nf5 28. Qd3 Qf6 29. Bh3 a5 30. Bxf5 Qxf5 31. Qxf5 gxf5 32. f3 b4 33. axb4 axb4 34. Re3 bxc3 35. bxc3 Rxc3 36. Red3 Rc2 37. h3 Ra2 38. Re1 Rcc2 39. g4 Rg2+ 40. Kh1 Rh2+ 41. Kg1 Rxh3 42. gxf5 Kg7 43. Rc1 e4 0-1

[Event "Daventry 4NCL U1700"]
[Site "Daventry"]
[Date "2025.04.20"]
[Round "4.16"]
[White "Jerome, Stellio"]
[Black "Raj Konwar, Daryan"]
[Result "1-0"]
[WhiteElo "1614"]
[BlackElo "1294"]
[PlyCount "25"]
[EventDate "2025.04.18"]
[EventType "swiss"]
[EventRounds "7"]
[EventCountry "ENG"]
[SourceTitle "BritBase"]
[Source "John Saunders"]
[SourceDate "2025.09.18"]
[SourceVersion "1"]
[SourceVersionDate "2025.09.18"]
[SourceQuality "1"]

1. f4 e6 2. Nf3 Nf6 3. e3 d5 4. b3 Bd7 5. Bb2 Bd6 6. Be2 O-O 7. O-O Re8 8. Ne5 Bxe5 9. fxe5 Ne4 10. Bd3 c5 11. Qh5 Rf8 12. Nc3 Nxd2 13. Qxh7# 1-0

[Event "Daventry 4NCL U1700"]
[Site "Daventry"]
[Date "2025.04.20"]
[Round "4.17"]
[White "Fletcher, Ben J"]
[Black "Bishop, Geoffrey L"]
[Result "1/2-1/2"]
[WhiteElo "1431"]
[BlackElo "1609"]
[PlyCount "61"]
[EventDate "2025.04.18"]
[EventType "swiss"]
[EventRounds "7"]
[EventCountry "ENG"]
[SourceTitle "BritBase"]
[Source "John Saunders"]
[SourceDate "2025.09.18"]
[SourceVersion "1"]
[SourceVersionDate "2025.09.18"]
[SourceQuality "1"]

1. e4 c5 2. Nf3 d6 3. d4 cxd4 4. Nxd4 Nf6 5. Nc3 g6 6. Be3 Bg7 7. f3 O-O 8. Qd2 Nc6 9. O-O-O d5 10. exd5 Nxd5 11. Nxc6 bxc6 12. Nxd5 cxd5 13. Qxd5 Qc7 14. Qc5 Qb7 15. Bd4 Bf5 16. Qa3 Rfc8 17. Bd3 Bxd3 18. Rxd3 Qc7 19. Bc3 Rab8 20. g3 Qb7 21. Bxg7 Kxg7 22. Rb3 Qc7 23. Rc3 Qb6 24. Rxc8 Rxc8 25. Qxe7 Qf2 26. Qe4 Qg2 27. Qd4+ Kg8 28. Qd1 Rxc2+ 29. Qxc2 Qxh1+ 30. Qd1 Qxh2 31. Qd8+ 1/2-1/2

[Event "Daventry 4NCL U1700"]
[Site "Daventry"]
[Date "2025.04.20"]
[Round "4.18"]
[White "Sartain, Patrick P"]
[Black "Fraser, Chris A"]
[Result "1/2-1/2"]
[WhiteElo "1458"]
[BlackElo "1548"]
[PlyCount "50"]
[EventDate "2025.04.18"]
[EventType "swiss"]
[EventRounds "7"]
[EventCountry "ENG"]
[SourceTitle "BritBase"]
[Source "John Saunders"]
[SourceDate "2025.09.18"]
[SourceVersion "1"]
[SourceVersionDate "2025.09.18"]
[SourceQuality "1"]

1. e4 c5 2. f4 g6 3. Nf3 Bg7 4. c3 a6 5. Be2 b5 6. O-O Nf6 7. e5 Nd5 8. d3 Bb7 9. Kh1 O-O 10. d4 cxd4 11. cxd4 Nc6 12. Nc3 Nxc3 13. bxc3 d5 14. Ng5 h6 15. Nh3 e6 16. Rf3 Ne7 17. Nf2 f5 18. Rh3 Bc6 19. g4 Bd7 20. g5 h5 21. Ba3 Be8 22. Nd3 Kf7 23. Nc5 Rh8 24. Nb7 Qd7 25. Nd6+ Kg8 1/2-1/2

[Event "Daventry 4NCL U1700"]
[Site "Daventry"]
[Date "2025.04.20"]
[Round "4.20"]
[White "Morley, Ian"]
[Black "Gelder, Stephanie"]
[Result "0-1"]
[WhiteElo "1428"]
[BlackElo "1488"]
[PlyCount "66"]
[EventDate "2025.04.18"]
[EventType "swiss"]
[EventRounds "7"]
[EventCountry "ENG"]
[SourceTitle "BritBase"]
[Source "John Saunders"]
[SourceDate "2025.09.18"]
[SourceVersion "1"]
[SourceVersionDate "2025.09.18"]
[SourceQuality "1"]

1. d4 b6 2. Nf3 Bb7 3. Bf4 e6 4. e3 Nf6 5. c3 c5 6. Be2 cxd4 7. exd4 Be7 8. Nbd2 O-O 9. Rc1 Ne4 10. Nxe4 Bxe4 11. Bd3 Bxd3 12. Qxd3 Nc6 13. Ne5 Nxe5 14. Bxe5 Bf6 15. Bd6 Be7 16. Be5 Bf6 17. Bg3 d5 18. h4 h6 19. Bf4 Qe7 20. Qg3 e5 21. Bxh6 exd4+ 22. Kd2 dxc3+ 23. bxc3 Be5 24. Bf4 Bxf4+ 25. Qxf4 Rad8 26. Rhe1 Qa3 27. Rc2 d4 28. cxd4 Qb4+ 29. Ke2 Rfe8+ 30. Kf3 Qxe1 31. Rc7 Re7 32. Rxe7 Qxe7 33. h5 Qd6 0-1

[Event "Daventry 4NCL U1700"]
[Site "Daventry"]
[Date "2025.04.20"]
[Round "4.22"]
[White "Guest, Liam"]
[Black "Nagaram, Sai Saatvik"]
[Result "1-0"]
[WhiteElo "1359"]
[BlackElo "909"]
[PlyCount "143"]
[EventDate "2025.04.18"]
[EventType "swiss"]
[EventRounds "7"]
[EventCountry "ENG"]
[SourceTitle "BritBase"]
[Source "John Saunders"]
[SourceDate "2025.09.18"]
[SourceVersion "1"]
[SourceVersionDate "2025.09.18"]
[SourceQuality "1"]

1. e4 e5 2. Nf3 Nc6 3. d4 exd4 4. Nxd4 Nxd4 5. Qxd4 Nf6 6. Bd3 b6 7. O-O Bc5 8. Qe5+ Qe7 9. Qxe7+ Bxe7 10. Bf4 O-O 11. Nd2 Bb7 12. Rfe1 Rae8 13. a3 Bd6 14. e5 Nd5 15. exd6 Nxf4 16. Rxe8 Rxe8 17. Nc4 Nxg2 18. dxc7 Rc8 19. Nd6 Rxc7 20. Nxb7 Nf4 21. Be4 Nh3+ 22. Kf1 Ng5 23. Re1 Nxe4 24. Rxe4 h6 25. Nd6 Rxc2 26. Re8+ Kh7 27. Nxf7 Rxb2 28. Ra8 a5 29. Ra6 d5 30. Ne5 d4 31. Nc4 Rc2 32. Nxb6 d3 33. Ke1 Re2+ 34. Kd1 Rxf2 35. Rxa5 Rb2 36. Nc4 Rxh2 37. Rd5 g5 38. a4 g4 39. Rxd3 Rh3 40. Rd7+ Kg8 41. Ke1 Rf3 42. Rd2 h5 43. Rd5 g3 44. Rxh5 g2 45. Rg5+ Kf7 46. Rxg2 Rf4 47. Nb6 Re4+ 48. Kd2 Rb4 49. Rf2+ Ke6 50. Rf6+ Ke7 51. Rh6 Rd4+ 52. Kc3 Rd8 53. Kb4 Rb8 54. a5 Kd8 55. Kb5 Rb7 56. Rc6 Ke7 57. a6 Ra7 58. Nc8+ Kd7 59. Nxa7 Kd8 60. Rc8+ Kd7 61. Kb6 Kd6 62. Nc6 Kd7 63. Rd8+ Ke6 64. a7 Kf5 65. a8=Q Ke4 66. Ne7+ Ke5 67. Qd5+ Kf4 68. Qf5+ Ke3 69. Rd3+ Ke2 70. Qe4+ Kf2 71. Qf3+ Ke1 72. Rd1# 1-0

[Event "Daventry 4NCL U1700"]
[Site "Daventry"]
[Date "2025.04.20"]
[Round "4.23"]
[White "Amudhavel, Aadharshini"]
[Black "Yue, Blake"]
[Result "0-1"]
[WhiteElo "1263"]
[BlackElo "1178"]
[PlyCount "108"]
[EventDate "2025.04.18"]
[EventType "swiss"]
[EventRounds "7"]
[EventCountry "ENG"]
[SourceTitle "BritBase"]
[Source "John Saunders"]
[SourceDate "2025.09.18"]
[SourceVersion "1"]
[SourceVersionDate "2025.09.18"]
[SourceQuality "1"]

1. e4 e6 2. d4 d5 3. exd5 exd5 4. Nf3 Nf6 5. Nc3 Bd6 6. Bd3 O-O 7. Be3 Be6 8. Qd2 Nc6 9. O-O-O Rc8 10. Bg5 Be7 11. Bxf6 Bxf6 12. Rdg1 Bg4 13. Qf4 Bxf3 14. gxf3 g6 15. Rg2 Bxd4 16. Ne2 Bg7 17. Rhg1 Qf6 18. Qxf6 Bxf6 19. f4 Bg7 20. f5 Ne5 21. Rg3 Rfe8 22. Nf4 Bh6 23. Kb1 Bxf4 24. Rh3 Nxd3 25. cxd3 Re2 26. Rh4 Be5 27. d4 Bg7 28. Rhg4 Rxf2 29. fxg6 fxg6 30. h4 Rcf8 31. a3 Rf1+ 32. Rxf1 Rxf1+ 33. Ka2 Rf2 34. Kb1 Kf7 35. Ka2 c5 36. Rg1 Bxd4 37. Rb1 Bxb2 38. Rxb2 Rxb2+ 39. Kxb2 h6 40. Kc2 g5 41. h5 g4 42. Kd2 g3 43. Ke2 g2 44. Kf2 c4 45. Kxg2 c3 46. Kf2 c2 47. Ke2 c1=Q 48. Kd3 Qc4+ 49. Kd2 d4 50. Kd1 d3 51. Ke1 Qc2 52. Kf1 Qe2+ 53. Kg1 d2 54. Kh1 d1=R# 0-1

[Event "Daventry 4NCL U1700"]
[Site "Daventry"]
[Date "2025.04.20"]
[Round "5.1"]
[White "Shi, Kevin"]
[Black "Peel, James"]
[Result "1-0"]
[WhiteElo "1430"]
[BlackElo "1534"]
[PlyCount "99"]
[EventDate "2025.04.18"]
[EventType "swiss"]
[EventRounds "7"]
[EventCountry "ENG"]
[SourceTitle "BritBase"]
[Source "John Saunders"]
[SourceDate "2025.09.18"]
[SourceVersion "1"]
[SourceVersionDate "2025.09.18"]
[SourceQuality "1"]

1. e4 c5 2. Nf3 d6 3. d4 cxd4 4. Nxd4 Nf6 5. Nc3 g6 6. Be3 Bg7 7. f3 Nc6 8. Qd2 O-O 9. Be2 Bd7 10. g4 Ne5 11. O-O-O Rc8 12. h4 h5 13. gxh5 Nxh5 14. Rdg1 Nc4 15. Bxc4 Rxc4 16. f4 e5 17. Nde2 exf4 18. Bxf4 Qa5 19. Rg5 b5 20. Rhg1 Rfc8 21. Rxh5 Rxc3 22. Nxc3 Rxc3 23. bxc3 gxh5 24. Bh6 Bg4 25. Qg5 Qxc3 26. Bxg7 Qxg7 27. Qxg7+ Kxg7 28. Kd2 Kf6 29. Rf1+ Ke6 30. Ke3 f5 31. c3 Ke5 32. exf5 Bxf5 33. Rg1 Bg4 34. Ra1 Kd5 35. a4 a6 36. axb5 axb5 37. Rg1 Kc4 38. Rxg4+ hxg4 39. h5 g3 40. Kf3 g2 41. Kxg2 Kxc3 42. h6 d5 43. h7 d4 44. h8=Q b4 45. Qc8+ Kd3 46. Qa6+ Kc3 47. Qc6+ Kd3 48. Qb5+ Ke3 49. Qxb4 d3 50. Qe1+ 1-0

[Event "Daventry 4NCL U1700"]
[Site "Daventry"]
[Date "2025.04.20"]
[Round "5.2"]
[White "Van Neerven, Yvon"]
[Black "De Block, Gert"]
[Result "1-0"]
[WhiteElo "1222"]
[BlackElo "1654"]
[PlyCount "211"]
[EventDate "2025.04.18"]
[EventType "swiss"]
[EventRounds "7"]
[EventCountry "ENG"]
[SourceTitle "BritBase"]
[Source "John Saunders"]
[SourceDate "2025.09.18"]
[SourceVersion "1"]
[SourceVersionDate "2025.09.18"]
[SourceQuality "1"]

1. Nf3 Nf6 2. d4 e6 3. Bf4 d5 4. e3 b6 5. c4 c5 6. Nc3 a6 7. Rc1 dxc4 8. Bxc4 b5 9. Be2 Bb7 10. O-O Nbd7 11. h3 Be7 12. Ne5 O-O 13. Bf3 Bxf3 14. Qxf3 Nxe5 15. Bxe5 c4 16. Qg3 Nh5 17. Qg4 g6 18. Rfd1 f5 19. Qf3 b4 20. Na4 Qa5 21. Qc6 Qd5 22. Qxc4 Qxc4 23. Rxc4 Nf6 24. Rc6 Kf7 25. Nc5 Rfc8 26. Rxe6 Rxc5 27. Rxe7+ Kxe7 28. dxc5 Ne4 29. Rd4 Rc8 30. Bd6+ Ke6 31. Rxb4 Nxd6 32. cxd6 Kxd6 33. Rb6+ Ke5 34. Rxa6 Rc1+ 35. Kh2 Rc2 36. Kg3 Rxb2 37. Kf3 g5 38. Ra5+ Kf6 39. g4 f4 40. exf4 gxf4 41. Rf5+ Kg6 42. Rxf4 Rxa2 43. Kg3 Kg5 44. Rf5+ Kg6 45. f4 Ra3+ 46. Kh4 Ra4 47. Rg5+ Kf6 48. f5 Ra3 49. Rh5 Kg7 50. Kg5 Ra6 51. Kf4 Ra4+ 52. Ke5 Ra5+ 53. Kd4 Ra4+ 54. Kc5 Ra5+ 55. Kb6 Ra1 56. Rh4 Rb1+ 57. Kc5 Rc1+ 58. Kd4 Ra1 59. Ke3 h6 60. Rh5 Ra3+ 61. Kf4 Ra4+ 62. Kg3 Ra3+ 63. Kh4 Ra4 64. f6+ Kg6 65. Rf5 Ra8 66. Kg3 Ra3+ 67. Kf2 Ra2+ 68. Ke3 Ra3+ 69. Kd2 Ra2+ 70. Kc3 Ra8 71. Kd4 Ra4+ 72. Ke5 Ra5+ 73. Ke6 Ra6+ 74. Ke7 Ra7+ 75. Ke8 Ra8+ 76. Kd7 Ra7+ 77. Kd6 Ra6+ 78. Ke5 Ra5+ 79. Ke6 Ra6+ 80. Ke5 Ra5+ 81. Kd4 Ra4+ 82. Ke3 Ra3+ 83. Kf4 Ra4+ 84. Kg3 Ra8 85. h4 Ra3+ 86. Kf2 Ra2+ 87. Ke3 Ra3+ 88. Kd2 Ra2+ 89. Kc3 Ra3+ 90. Kb4 Ra8 91. Kb5 Rb8+ 92. Kc6 Rc8+ 93. Kd7 Rf8 94. Ke7 Rf7+ 95. Ke6 Ra7 96. h5+ Kh7 97. f7 Ra6+ 98. Kd7 Ra7+ 99. Kc6 Ra1 100. f8=Q Rc1+ 101. Kd5 Rd1+ 102. Ke4 Re1+ 103. Kd5 Rd1+ 104. Ke6 Re1+ 105. Kf7 Re7+ 106. Qxe7 1-0

[Event "Daventry 4NCL U1700"]
[Site "Daventry"]
[Date "2025.04.20"]
[Round "5.3"]
[White "Udin, Wade"]
[Black "Curran, David P"]
[Result "1-0"]
[WhiteElo "1521"]
[BlackElo "1612"]
[PlyCount "84"]
[EventDate "2025.04.18"]
[EventType "swiss"]
[EventRounds "7"]
[EventCountry "ENG"]
[SourceTitle "BritBase"]
[Source "John Saunders"]
[SourceDate "2025.09.18"]
[SourceVersion "1"]
[SourceVersionDate "2025.09.18"]
[SourceQuality "1"]

1. d4 b5 2. Bf4 Bb7 3. e3 a6 4. Nf3 e6 5. Bd3 c5 6. c3 Nf6 7. O-O Be7 8. Nbd2 c4 9. Bc2 Nh5 10. Bxb8 Qxb8 11. Re1 Nf6 12. e4 d6 13. e5 Nd7 14. exd6 Bxd6 15. Be4 Nf6 16. Bxb7 Qxb7 17. h3 O-O 18. Qe2 Rfe8 19. Ne4 Nxe4 20. Qxe4 Qxe4 21. Rxe4 b4 22. Rae1 Red8 23. Ne5 Rac8 24. g3 a5 25. Rc1 f6 26. Nf3 Kf7 27. Nd2 e5 28. dxe5 Bxe5 29. Nxc4 bxc3 30. Nxe5+ fxe5 31. Rxc3 Rxc3 32. bxc3 Ke6 33. Ra4 Rd5 34. Kg2 g6 35. c4 Rc5 36. Kf3 h5 37. Ke4 Kf6 38. g4 h4 39. Kd3 Ke6 40. Ra3 Kf6 41. Rb3 Rc6 42. Rb8 Rd6+ 1-0

[Event "Daventry 4NCL U1700"]
[Site "Daventry"]
[Date "2025.04.20"]
[Round "5.4"]
[White "Chen, Yechu"]
[Black "Prabhakaran, Anvikkashri"]
[Result "0-1"]
[WhiteElo "1555"]
[BlackElo "1498"]
[PlyCount "108"]
[EventDate "2025.04.18"]
[EventType "swiss"]
[EventRounds "7"]
[EventCountry "ENG"]
[SourceTitle "BritBase"]
[Source "John Saunders"]
[SourceDate "2025.09.18"]
[SourceVersion "1"]
[SourceVersionDate "2025.09.18"]
[SourceQuality "1"]

1. e4 e6 2. d4 d5 3. Nc3 Nf6 4. e5 Nfd7 5. f4 c5 6. Nf3 Nc6 7. Be3 Qb6 8. a3 Be7 9. Be2 cxd4 10. Nxd4 Nxd4 11. Bxd4 Bc5 12. Bxc5 Nxc5 13. Rb1 O-O 14. Qd4 Bd7 15. b4 Na4 16. Qxb6 axb6 17. Nxa4 Rxa4 18. Rb3 Rfa8 19. Rc3 Rxa3 20. Rc7 Bc6 21. b5 Ra1+ 22. Bd1 Bxb5 23. Rxb7 R1a6 24. g4 Rc8 25. f5 Bc6 26. Re7 Kf8 27. f6 Ra4 28. h4 Re4+ 29. Kf2 Rxe5 30. Ra7 gxf6 31. g5 Rf5+ 32. Ke1 fxg5 33. hxg5 Kg7 34. Bh5 Be8 35. Rg1 Rxc2 36. Kd1 Rcf2 37. g6 Rf1+ 38. Rxf1 Rxf1+ 39. Ke2 Bb5+ 40. Kd2 hxg6 41. Bd1 Bc4 42. Rb7 b5 43. Bc2 g5 44. Kc3 g4 45. Kd2 g3 46. Ke3 g2 47. Kd4 g1=Q+ 48. Ke5 Qh2+ 49. Kd4 Qd6 50. Kc3 Rf3+ 51. Kb2 Qa3+ 52. Kb1 Rf1+ 53. Bd1 Rxd1+ 54. Kc2 Qb3# 0-1

[Event "Daventry 4NCL U1700"]
[Site "Daventry"]
[Date "2025.04.20"]
[Round "5.5"]
[White "Ben-Eshak, Djad"]
[Black "Homer, Neil S"]
[Result "1/2-1/2"]
[WhiteElo "1468"]
[BlackElo "1683"]
[PlyCount "76"]
[EventDate "2025.04.18"]
[EventType "swiss"]
[EventRounds "7"]
[EventCountry "ENG"]
[SourceTitle "BritBase"]
[Source "John Saunders"]
[SourceDate "2025.09.18"]
[SourceVersion "1"]
[SourceVersionDate "2025.09.18"]
[SourceQuality "1"]

1. e4 c6 2. Nc3 d5 3. Nf3 Bg4 4. exd5 cxd5 5. Bb5+ Nc6 6. h3 Bxf3 7. Qxf3 e6 8. O-O Nf6 9. b3 Be7 10. Bxc6+ bxc6 11. Bb2 O-O 12. Ne2 Qd6 13. Ng3 c5 14. Rfe1 Qd8 15. Nh5 Nxh5 16. Qxh5 Bf6 17. Bxf6 Qxf6 18. Qe5 Qxe5 19. Rxe5 Rac8 20. Rb1 a5 21. Kf1 Rc6 22. c4 d4 23. d3 f6 24. Re2 Rb8 25. Rbe1 Kf7 26. f4 Rcb6 27. f5 e5 28. Rb2 a4 29. Reb1 axb3 30. Rxb3 Rxb3 31. Rxb3 Rxb3 32. axb3 Ke7 33. Ke1 Kd6 34. Kf2 Kc6 35. g4 h6 36. h4 Kd6 37. Kf3 Ke7 38. Ke4 Kd6 1/2-1/2

[Event "Daventry 4NCL U1700"]
[Site "Daventry"]
[Date "2025.04.20"]
[Round "5.6"]
[White "Seymour, Paul"]
[Black "Loyden, Gary"]
[Result "1/2-1/2"]
[WhiteElo "1619"]
[BlackElo "1531"]
[PlyCount "40"]
[EventDate "2025.04.18"]
[EventType "swiss"]
[EventRounds "7"]
[EventCountry "ENG"]
[SourceTitle "BritBase"]
[Source "John Saunders"]
[SourceDate "2025.09.18"]
[SourceVersion "1"]
[SourceVersionDate "2025.09.18"]
[SourceQuality "1"]

1. d4 Nf6 2. Bf4 e6 3. e3 c5 4. c3 cxd4 5. exd4 b6 6. Nf3 Be7 7. Nbd2 O-O 8. Bd3 Ba6 9. Qe2 Bxd3 10. Qxd3 d6 11. h3 Nc6 12. O-O Rc8 13. Rad1 d5 14. Rfe1 Na5 15. Ne5 Nd7 16. Ndf3 Nc4 17. Nxc4 dxc4 18. Qe3 Nf6 19. Qe2 Nd5 20. Bg3 b5 1/2-1/2